|
|
|
|
| LEADER |
00000nam a2200000 a 4500 |
| 001 |
UCS4886 |
| 003 |
CL-VaPUC |
| 008 |
970814e19970000AG |||||||||||||||||spa|d |
| 082 |
0 |
4 |
|a 155.283
|b MIL
|2 21
|
| 100 |
|
|
|a Millon, Theodore
|e autor
|9 581096
|
| 245 |
1 |
0 |
|a MIPS: inventario Millon de estilos de personalidad
|
| 300 |
|
|
|a 207 p
|
| 942 |
|
|
|c BK
|
| 945 |
|
|
|d 19970814 00:00:00
|a jquezada
|
| 260 |
|
|
|a Buenos Aires
|b Paidós
|c 1997
|
| 650 |
|
7 |
|a TEST DE PERSONALIDAD
|2 CL-VaPUC
|9 346971
|
| 650 |
|
7 |
|a TEST PSICOLOGICOS
|2 CL-VaPUC
|9 333478
|
| 650 |
|
0 |
|a Inteligencia
|9 267038
|
| 650 |
|
0 |
|a Memorización
|9 336225
|
| 583 |
|
|
|a last modification
|c 20141202 12:37:35
|k Rodrigo Vera
|
| 999 |
|
|
|c 261663
|d 261661
|
| 952 |
|
|
|0 0
|1 0
|4 0
|6 155_283000000000000_MIL_1997
|7 0
|8 R
|9 289369
|a BIBEDU
|b BIBEDU
|c MCIRC
|d 2019-11-19
|i 333595K
|l 1
|o 155.283 MIL 1997
|p 333595K
|r 2025-01-21
|s 2023-08-29
|w 2019-11-19
|y BK_R
|k PSI
|